Le pas perdus

Kaydedildi:
Detaylı Bibliyografya
Yazar: Breton, André
Materyal Türü: Kitap
Dil:Undetermined
Baskı/Yayın Bilgisi: París, Francia Gallimard 1969
Konular:
Etiketler: Etiketle
Etiket eklenmemiş, İlk siz ekleyin!

MARC

LEADER 00000nam a2200000Ia 4500
008 170316s9999 xx 000 0 und d
040 |a cru BVZT 
090 |a 840 B-28p 
100 |a Breton, André 
245 |a Le pas perdus 
260 |a París, Francia 
260 |b Gallimard 
260 |c 1969 
300 |a 182 páginas 
650 |a LITERATURA FRANCESA 
999 |c 7515  |d 7515 
942 |c 15 D  |h 840 B-28p  |2 z